000 00373nam a2200157Ia 4500
008 231217s9999 xx 000 0 und d
041 _aEnglish
082 _a001.6424C KAN5;8
100 _aKanetkar, Yashavant P.
245 0 _aGraphics under C
250 _a1st ed.
260 _c2005
_bBPB
_aNew Delhi
300 _a460
650 _aGraphics,under,c
942 _cAA
999 _c176112
_d176112